000 01051nam a2200289 i 4500
003 EG-GICUC
005 20260121101414.0
008 251201s2001 ua ||||fr|||| 00| 0 ara d
040 _a EG-GICUC
_bara
_c EG-GICUC
_d EG-GICUC
_erda
041 0 _aara
082 0 4 _221
_a345.3
_bم ح . خ
092 0 4 _221
099 _aLaw1 07 345.3 م ح . خ 2001
100 0 _aمحمد عبد الواحد الجميلي
_eمؤلف.
245 1 2 _aالخبرة العلمية والعملية الزائدة /
_cالدكتور محمد عبد الواحد الجميلي.
264 1 _aالقاهرة :
_bدار النهضة العربية،
_c2001.
300 _a229 ؛صفحة
_c24 سم.
336 _2rda content
_atext
337 _2rda media
_aComputer
338 _2rda carrier
_aOnline Resource
546 _aالنص باللغة العربية
650 1 4 _aالنشاط الإداري
650 1 4 _aالقانون الإداري
856 4 0 _uhttps://fll.law.cu.edu.eg/fulltext/bks/B07-01231.pdf
905 _a32
_eYara
942 _2ddc
_cBK
_e21
_n0
999 _c47834
_d47834